000 00461nam a2200157 i 4500
001 74349
003 ES-MaACL
005 20230906172112.0
007 t|
008 040917s1963 sp ||||1| spa d
100 1 _aGonzález Nieto, Luis.
_958839
245 1 0 _aColegio Mayor de San Bartolomé
_b: (apuntes históricos) /
_cLuis González Nieto.
260 _aSalamanca :
_b[s.n.,
_c1963]
300 _a39 p. ;
_c24 cm.
852 _aES-MaACL
_j2035-F-10
_bR.51889
999 _c74349
_d74349